| 000 | 00990nas a2200253Ia 4500 | ||
|---|---|---|---|
| 001 | R142/C2224 | ||
| 003 | IT-RoPAU | ||
| 008 | 151124c99999999xx |||||||||||| ||und|| | ||
| 040 | _aIT-RoPAU | ||
| 040 | _cIT-RoPAU | ||
| 041 | _aFRANCESE | ||
| 100 |
_aPucci Emilio _gCodice Aut. SPICS: 38934 |
||
| 210 | _aRESEAUX | ||
| 222 | _aReseaux | ||
| 245 |
_aRESEAUX, N.063 (GENNAIO/FEBBRAIO 1994) _bTransmission Par Fac-Simile' (La): Invention Et Premieres Applications |
||
| 250 | _a1a ed. | ||
| 260 |
_aPARIS _bCNET _c1994 |
||
| 501 |
_bPaulus - SPICS - Società San Paolo EM (non-commercial uses only) _cCopyright2015 |
||
| 300 | _a15 p. [125-139] | ||
| 362 | _aN.063 (GENNAIO/FEBBRAIO 1994) | ||
| 500 | _aTrasmissione con Fac Simile: Invenzione e Prime Applicazioni. Prime Esperienze e il Pantelegrafo di Giovanni Caselli. Trasmissione per Fac Simile e Comunicazione Elettrica nella Seconda Metà del Secolo Xix. | ||
| 650 |
_aCOMUNICAZIONE _vPUBBLICAZIONE PERIODICA |
||
| 942 | _cCR | ||
| 999 |
_c192989 _d192989 |
||